zpět

Detail výsledku týmu

Kentaur ST, Brno

Datum a čas kvízu

27.5 Celkem bodů Celkový počet nahraných bodů na tomto kvízu bez doplňovacích otázek.
4. Pořadí na kvízu Konečné umístění týmu na tomto kvízu.

Zaznamenané odpovědi

# Otázka Odpověď Body Výsledky
1. Premiér Babiš minulý týden ozn... Karel Havlíček, Vladimír Kremlík 0
2. Vítězem úterních parlamentních... Likud 1
3. Deset koncertů a dost! Jak se... Spirituál kvintet 0
4. Na konci března ochranka pražs... Raiffeisenbank 1
5. Jedničkou výběru kapitána Petr... Lucie Šafářová 0
6. V tomto tématu se podíváme na... Všechno bude, Zelená kniha 0.5
5. V českém prostředí jsou v dneš... v Indii 1
8. Komediální road movie Pařba ve... Vo štvorici po opici 1
5. Road movie, v níž se dva bratř... Charlie, Raymond 0
10. Jistou formou road movies jsou... v Argentině 1